Most Dangerous World Cities by Murder Rate (2022) - Statistics

General Stats
  • This quiz has been taken 47 times
  • The average score is 19 of 52
Answer Stats
# Country Answer Population Murder rate % Correct
12 South Africa Cape Town 4,758,405 63.0
86%
34 South Africa Johannesburg 6,148,353 41.4
86%
- Venezuela Caracas 2,682,801 52.8
81%
23 United States Detroit 632,454 48.9
81%
5 Mexico Tijuana 2,070,876 105.1
76%
15 South Africa Durban 4,050,968 59.4
71%
20 Haiti Port-au-Prince 2,915,000 54.8
71%
32 Colombia Cali 2,392,381 42.1
69%
8 United States New Orleans 376,971 70.6
67%
41 Puerto Rico San Juan 337,300 37.1
67%
45 Honduras Tegucigalpa 1,185,662 32.8
67%
9 Mexico Ciudad Juárez 1,527,482 67.7
64%
24 Ecuador Guayaquil 3,141,793 47.8
64%
16 Jamaica Kingston 1,235,013 58.5
64%
29 Mexico Cancún 920,865 44.1
55%
25 United States Memphis 632,464 47.7
55%
35 Brazil Recife 3,745,082 39.9
55%
19 Brazil Salvador 3,678,414 56.7
52%
10 Mexico Acapulco 782,661 65.6
50%
17 United States Baltimore 576,498 57.8
50%
18 South Africa Nelson Mandela Bay 1,250,484 57.0
50%
46 United States Philadelphia 1,576,251 32.7
50%
31 Brazil Fortaleza 3,936,509 42.6
48%
47 Colombia Cartagena 1,287,829 31.3
40%
27 United States Cleveland 367,991 45.6
38%
38 Mexico León 2,077,830 37.6
38%
21 Brazil Manaus 2,054,731 50.7
38%
39 United States Milwaukee 569,330 37.6
38%
30 Mexico Chihuahua 944,413 43.8
36%
28 Brazil Natal 1,262,741 45.1
24%
50 Mexico San Luis Potosí 1,265,177 29.1
24%
42 Honduras San Pedro Sula 771,627 36.0
24%
33 Mexico Morelia 853,831 42.1
17%
49 Colombia Cúcuta 1,004,451 29.5
10%
14 Mexico Cuernavaca 681,086 60.2
10%
37 Colombia Santa Marta 712,896 39.3
10%
4 Mexico Zacatecas 363,996 134.6
10%
43 Colombia Buenaventura 315,743 35.1
7%
3 Mexico Ciudad Obregón 328,430 138.2
7%
1 Mexico Colima 330,329 181.9
7%
44 Mexico Ensenada 449,425 34.9
7%
36 Brazil Maceió 960,667 39.5
7%
40 Brazil Teresina 868,523 37.3
7%
6 Mexico Celaya 742,662 99.6
5%
22 Brazil Feira de Santana 652,592 50.1
5%
26 Brazil Vitória da Conquista 387,524 47.5
5%
13 Mexico Irapuato 874,997 61.6
2%
11 Brazil Mossoró 264,181 63.2
2%
48 Colombia Palmira 358,806 30.7
2%
7 Mexico Uruapán 360,338 78.3
2%
- Venezuela Maturín 497,723 51.0
0%
2 Mexico Zamora 310,575 177.7
0%
No matching quizzes found
Score Distribution
Percent of People with Each Score
Percentile by Number Answered
Your Score History
You have not taken this quiz